Normal view
MARC view
Entry Personal Name
001 - CONTROL NUMBER
- control field: 21791
003 - CONTROL NUMBER IDENTIFIER
- control field: dpl
005 - DATE AND TIME OF LATEST TRANSACTION
- control field: 20100925165438.0
008 - FIXED-LENGTH DATA ELEMENTS
- fixed length control field: 100925|||a|||||| | ||| d
040 ## - CATALOGING SOURCE
- Original cataloging agency: dpl
- Transcribing agency: dpl
100 ## - HEADING--PERSONAL NAME
- Personal name: Panandiker, Surekha
670 ## - SOURCE DATA FOUND
- Source citation: Work cat.: (dpl): Panandiker, Surekha, 'A' for adventure /, 2004
670 ## - SOURCE DATA FOUND
- Source citation: Work cat.: (dpl): Panandiker, Surekha, 'A' for adventure /, 2004
